| 000 | 00717cab a2200265 4500 | ||
|---|---|---|---|
| 001 | X1675 | ||
| 008 | 090401t1994 xxu||||| |||| 00| 0 eng d | ||
| 035 | _a(Sirsi) u18605 | ||
| 041 | _aeng | ||
| 245 | _aRhone and another v Stephens (executrix) | ||
| 260 | _c1994 | ||
| 350 | _a0 | ||
| 490 |
_aEstates Gazette _v1994 37 EG 151-154(4) |
||
| 520 | _aHL 17 March 1994. | ||
| 650 | _aAUSTEBERRY V OLDHAM CORPORATION | ||
| 650 | _aFREEHOLD LAND | ||
| 650 | _aNEGATIVE COVENANTS | ||
| 650 | _aPOSITIVE COVENANTS | ||
| 650 | _aRESTRICTIVE COVENANTS | ||
| 650 | _aSUCCESSORS IN TITLE | ||
| 650 | _aVENDOR AND PURCHASER | ||
| 690 | _aPROPERTY LAW AND PRACTICE-CASE LAW | ||
| 942 | _n0 | ||
| 948 | _c04/03/1997 | ||
| 999 |
_c12382 _d12382 |
||